[Event "Eurotel Trophy"]
[Site "Prague"]
[Date "2002.04.28"]
[Round "1.1"]
[White "Khalifman, Alexander"]
[Black "Bologan, Viktor"]
[Result "1-0"]
[WhiteElo "2698"]
[BlackElo "2652"]
[PlyCount "79"]
[EventDate "2002.04.28"]
[Source "ChessBase"]
[SourceDate "2002.08.12"]

1. d4 Nf6 2. c4 e6 3. Nc3 Bb4 4. e3 O-O 5. Bd3 d5 6. a3 Bxc3+ 7. bxc3 c5 8. cxd5 exd5 9. Ne2 b6 10. O-O Ba6 11. f3 Re8 12. Ng3 Bxd3 13. Qxd3 Nc6 14. Ra2 Qd7 15. Re2 Re6 16. Bb2 Rd8 17. Rd1 cxd4 18. cxd4 Ne8 19. e4 Ne7 20. e5 Rc8 21. f4 g6 22. f5 Nxf5 23. Nxf5 gxf5 24. Qxf5 Ng7 25. Qg4 Rd6 26. Qf3 Rdc6 27. Rf1 Rc2 28. Rxc2 Rxc2 29. Bc1 Rc6 30. h4 h6 31. h5 Kf8 32. a4 Kg8 33. Bd2 Kh7 34. Qxf7 Qxf7 35. Rxf7 Kg8 36. Rxa7 Nf5 37. Rd7 Rc2 38. Bf4 Nxd4 39. Bxh6 Nf5 40. Bg5 1-0

[Event "Buenos Aires"]
[Site "?"]
[Date "2000.??.??"]
[Round "?"]
[White "Milov, V."]
[Black "Short, N."]
[Result "1/2-1/2"]
[WhiteElo "2625"]
[BlackElo "2675"]
[PlyCount "116"]
[EventDate "2000.??.??"]
[Source "Chess Informant"]
[SourceDate "2000.06.01"]

1. d4 e6 2. c4 Nf6 3. Nc3 Bb4 4. e3 O-O 5. Bd3 d5 6. a3 Bxc3+ 7. bxc3 dxc4 8. Bxc4 c5 9. Bd3 Nc6 10. Nf3 Qc7 11. O-O e5 12. Qc2 Re8 13. dxe5 Nxe5 14. Nxe5 Qxe5 15. f3 Bd7 16. Rb1 Bc6 17. Re1 Rad8 18. Bf1 Rd6 19. c4 Rde6 20. Qf2 Nd7 21. e4 Qh5 22. Bf4 f5 23. exf5 Qxf5 24. Bg3 Ne5 25. Qd2 h5 26. Rb3 g5 27. h3 h4 28. Bf2 b6 29. Rbe3 Qf4 30. Qc3 Kf7 31. Qc2 Qf6 32. a4 a5 33. Rb1 Bd7 34. Qh7+ Qg7 35. Qxg7+ Kxg7 36. Reb3 Bxa4 37. Rxb6 Bc2 38. Rxe6 Rxe6 39. Rb5 Bd3 40. Rxa5 Bxf1 41. Kxf1 Rc6 42. Rxc5 Rxc5 43. Bxc5 Nxc4 44. Ke2 Kf6 45. Kd3 Ne5+ 46. Ke4 Nd7 47. Be3 Kg6 48. Bd4 Nf8 49. Ke5 Nd7+ 50. Ke6 Nf8+ 51. Ke7 Nh7 52. Ke6 Nf8+ 53. Ke7 Nh7 54. Bc3 Kf5 55. Kf7 Kf4 56. Be1 Kf5 57. f4 Kxf4 58. Kg7 g4 1/2-1/2

[Event "Poikovsky Karpov 3rd"]
[Site "Poikovsky"]
[Date "2002.04.19"]
[Round "4"]
[White "Zvjaginsev, Vadim"]
[Black "Aleksandrov, Aleksej"]
[Result "1-0"]
[WhiteElo "2645"]
[BlackElo "2654"]
[PlyCount "56"]
[EventDate "2002.04.16"]
[Source "ChessBase"]
[SourceDate "2002.08.12"]

1. c4 e6 2. Nc3 d5 3. d4 Bb4 4. e3 c5 5. a3 Bxc3+ 6. bxc3 Nf6 7. cxd5 exd5 8. Bd3 O-O 9. Ne2 b6 10. O-O Ba6 11. f3 Re8 12. Ng3 Qd7 13. a4 Bxd3 14. Qxd3 Nc6 15. Bb2 c4 16. Qe2 h5 17. Rae1 Ne7 18. Qc2 h4 19. Nh1 Ng6 20. e4 Nf4 21. Nf2 dxe4 22. fxe4 Ng4 23. Nd1 Ne6 24. Re2 a6 25. h3 Nf6 26. Rxf6 gxf6 27. Nf2 f5 28. Qd2 Qc6 1-0

[Event "Poikovsky 84/449"]
[Site "?"]
[Date "2002.??.??"]
[Round "?"]
[White "Zvjaginsev, V."]
[Black "Aleksandrov, A."]
[Result "1-0"]
[WhiteElo "2645"]
[BlackElo "2654"]
[PlyCount "79"]
[EventDate "2002.??.??"]
[Source "Chess Informant"]
[SourceDate "2002.02.01"]

1. c4 e6 2. Nc3 d5 3. d4 Bb4 4. a3 Bxc3+ 5. bxc3 c5 6. e3 Nf6 7. cxd5 exd5 8. Bd3 O-O 9. Ne2 b6 10. O-O Ba6 11. f3 Re8 12. Ng3 Qd7 13. a4 Bxd3 14. Qxd3 Nc6 15. Bb2 c4 16. Qe2 h5 17. Rae1 Ne7 18. Qc2 h4 19. Nh1 Ng6 20. e4 Nf4 21. Nf2 dxe4 22. fxe4 Ng4 23. Nd1 Nd3 24. Re2 a6 25. h3 Nf6 26. Rxf6 gxf6 27. Nf2 f5 28. Qd2 Qe6 29. Nxd3 cxd3 30. Qxd3 fxe4 31. Qe3 Qg6 32. d5 b5 33. Rf2 f5 34. c4 bxc4 35. Qd4 Reb8 36. d6 Rxb2 37. Rxb2 Qf7 38. Rb6 Rc8 39. d7 Rd8 40. Rh6 1-0

[Event "XXXVII Bosnia GM"]
[Site "Sarajevo BOS"]
[Date "2007.05.21"]
[Round "3"]
[White "Sokolov, Iv NED"]
[Black "Movsesian, S."]
[Result "1/2-1/2"]
[WhiteElo "2655"]
[BlackElo "2642"]
[PlyCount "81"]
[EventDate "2007.05.19"]
[Source "www.chesslib.no"]
[SourceDate "2004.05.04"]

1. d4 e6 2. c4 Nf6 3. Nc3 Bb4 4. e3 O-O 5. Bd3 d5 6. a3 Bxc3+ 7. bxc3 c6 8. Nf3 b6 9. cxd5 cxd5 10. Qe2 Bb7 11. O-O Qc8 12. a4 Ba6 13. Ba3 Bxd3 14. Qxd3 Re8 15. Rfc1 Nc6 16. Nd2 Na5 17. c4 Qa6 18. Bb4 Nxc4 19. Nxc4 dxc4 20. Qxc4 Qxc4 21. Rxc4 Nd5 22. Bd2 Rac8 23. Rac1 Rxc4 24. Rxc4 f5 25. f3 Re7 26. Kf2 Rc7 27. Rxc7 Nxc7 28. e4 fxe4 29. fxe4 Kf7 30. Bf4 Ne8 31. Ke3 Nf6 32. h3 Ke7 33. Kd3 Kd7 34. Be5 Kc6 35. Bxf6 gxf6 36. g4 Kd6 37. h4 a6 38. Kc4 h6 39. Kb4 e5 40. d5 Kd7 41. h5 1/2-1/2

[Event "VII Gibtelecom Masters"]
[Site "Caleta ING"]
[Date "2009.02.05"]
[Round "10"]
[White "Sokolov, Iv NED"]
[Black "Del Rio de Angelis, S."]
[Result "1-0"]
[WhiteElo "2657"]
[BlackElo "2532"]
[PlyCount "89"]
[EventDate "2009.01.27"]
[Source "www.chesslib.no"]
[SourceDate "2004.05.04"]

1. d4 e6 2. c4 d5 3. Nc3 Bb4 4. a3 Bxc3+ 5. bxc3 c5 6. e3 Nf6 7. cxd5 exd5 8. Bd3 O-O 9. Ne2 b6 10. O-O Ba6 11. f3 Re8 12. Ng3 Qd7 13. Bf5 Qc7 14. Re1 Nc6 15. Ra2 Rad8 16. Rd2 h5 17. Bb1 g6 18. e4 dxe4 19. Nxe4 Nxe4 20. fxe4 Qd7 21. Ba2 Na5 22. Rf2 Bc4 23. Bxc4 Nxc4 24. Bg5 cxd4 25. Bxd8 Rxd8 26. cxd4 Qxd4 27. Qxd4 Rxd4 28. e5 Nxa3 29. e6 fxe6 30. Rf6 Kg7 31. Rexe6 Rg4 32. h3 Rg5 33. Rf3 Nb5 34. Re7+ Kh6 35. Rff7 Rf5 36. Rxf5 gxf5 37. Re5 Nc3 38. Rxf5 b5 39. Rf6+ Kg5 40. Ra6 Kf4 41. Rxa7 Ke3 42. Rb7 Kd3 43. g4 hxg4 44. h4 Ne2+ 45. Kg2 1-0

[Event "Linares"]
[Site "?"]
[Date "1988.??.??"]
[Round "?"]
[White "Georgiev, Kir"]
[Black "Hjartarson, J."]
[Result "1/2-1/2"]
[WhiteElo "2595"]
[BlackElo "2590"]
[PlyCount "81"]
[EventDate "1988.??.??"]
[Source "ChessBase"]
[SourceDate "1988.01.01"]

1. d4 Nf6 2. c4 e6 3. Nc3 Bb4 4. e3 O-O 5. Bd3 d5 6. a3 Bxc3+ 7. bxc3 dxc4 8. Bxc4 c5 9. Ne2 Qc7 10. Ba2 b6 11. O-O Ba6 12. Bb2 Rd8 13. Re1 Nc6 14. Ng3 Na5 15. a4 Bc4 16. Bxc4 Nxc4 17. Qe2 Na5 18. e4 Rac8 19. d5 exd5 20. exd5 Qf4 21. c4 Qxc4 22. Qe7 Qxd5 23. Bxf6 Nc6 24. Qe3 gxf6 25. Ne4 Kh8 26. Nxf6 Qf5 27. Ne4 Nd4 28. Rad1 Rc6 29. Ng3 Qg6 30. Qe5+ f6 31. Qf4 Rcd6 32. Kh1 Qg5 33. Qe4 R6d7 34. h3 Qg6 35. Qf4 Qg5 36. Qe4 c4 37. Rc1 Nb3 38. Rxc4 Nd2 39. Qe8+ Rxe8 40. Rxe8+ Kg7 41. Rg4 1/2-1/2

[Event "Lone Pine op"]
[Site "Lone Pine"]
[Date "1979.??.??"]
[Round "9"]
[White "Larsen, Bent"]
[Black "Gligoric, Svetozar"]
[Result "1/2-1/2"]
[WhiteElo "2620"]
[BlackElo "2560"]
[PlyCount "85"]
[EventDate "1979.03.??"]
[Source "ChessBase"]

1. d4 Nf6 2. c4 e6 3. Nc3 Bb4 4. e3 O-O 5. Bd3 d5 6. a3 Bxc3+ 7. bxc3 dxc4 8. Bxc4 c5 9. Ne2 Nc6 10. f4 b6 11. O-O Bb7 12. Ng3 Na5 13. Bd3 cxd4 14. cxd4 Rc8 15. Rf2 Nc4 16. a4 Re8 17. Rc2 Qd5 18. Qe2 Nd6 19. Raa2 Nfe4 20. Bd2 Nxd2 21. Qxd2 f5 22. Qb4 Red8 23. Bf1 h6 24. Rab2 Kf7 25. Nh1 Rxc2 26. Rxc2 Rc8 27. Rxc8 Nxc8 28. Nf2 Qd6 29. Qb3 Qd5 30. Qc2 Qc6 31. Qd1 Nd6 32. Nd3 Kg8 33. Qb3 Qc8 34. Ne5 Bd5 35. Qa3 Qc7 36. h3 Ne4 37. Bd3 Qc3 38. Qxc3 Nxc3 39. Bc2 Be4 40. Bb3 Bd5 41. Bc2 Be4 42. Bb3 Bd5 43. Bc2 1/2-1/2

[Event "Moscow (ol)"]
[Site "?"]
[Date "1994.??.??"]
[Round "?"]
[White "Gulko, B."]
[Black "Ljubojevic, Lj"]
[Result "1-0"]
[WhiteElo "2590"]
[BlackElo "2580"]
[PlyCount "69"]
[EventDate "1994.??.??"]
[Source "ChessBase"]
[SourceDate "1994.10.01"]

1. d4 Nf6 2. c4 e6 3. Nc3 Bb4 4. e3 O-O 5. Bd3 d5 6. a3 Bxc3+ 7. bxc3 c5 8. cxd5 exd5 9. Ne2 b6 10. O-O Ba6 11. f3 Re8 12. Ra2 Qc8 13. Bb1 Bc4 14. Rb2 Qa6 15. Re1 Nbd7 16. a4 b5 17. axb5 Bxb5 18. Ng3 Nb6 19. e4 cxd4 20. cxd4 Na4 21. Rb3 dxe4 22. fxe4 Rac8 23. e5 Nd5 24. Qh5 g6 25. Qh6 f5 26. Nxf5 Rc7 27. Nd6 Qxd6 28. exd6 Rxe1+ 29. Kf2 Rf7+ 30. Rf3 Rf1+ 31. Kg3 Nac3 32. Rxf1 Bxf1 33. Bxg6 Ne2+ 34. Kh4 Rg7 35. Be4 1-0

[Event "Foxwoods op"]
[Site "Connecticut"]
[Date "2002.03.30"]
[Round "5"]
[White "Ibragimov, Ildar"]
[Black "Kacheishvili, Giorgi"]
[Result "1-0"]
[WhiteElo "2584"]
[BlackElo "2584"]
[PlyCount "61"]
[EventDate "2002.03.28"]
[Source "ChessBase"]
[SourceDate "2002.05.03"]

1. c4 e6 2. Nc3 d5 3. d4 Bb4 4. e3 Nf6 5. a3 Bxc3+ 6. bxc3 c5 7. cxd5 exd5 8. Bd3 O-O 9. Ne2 b6 10. O-O Ba6 11. f3 Bxd3 12. Qxd3 Nc6 13. e4 Qd7 14. Bg5 c4 15. Qc2 Ne8 16. Rae1 Nc7 17. Ng3 b5 18. e5 a5 19. Nh5 Ne6 20. Bf6 g6 21. f4 gxh5 22. f5 Ne7 23. Re3 Ng6 24. fxe6 fxe6 25. Rg3 Qf7 26. h4 b4 27. cxb4 axb4 28. axb4 Rfb8 29. Qe2 Rxb4 30. Qxh5 c3 31. Qh6 1-0

[Event "Magistrale Ruy Lopez"]
[Site "Zafra SPA"]
[Date "2007.03.20"]
[Round "4"]
[White "Sokolov, Iv"]
[Black "Hou Yifan"]
[Result "1-0"]
[WhiteElo "2652"]
[BlackElo "2509"]
[PlyCount "127"]
[EventDate "2007.03.17"]
[Source "www.chesslib.no"]
[SourceDate "2004.05.04"]

1. d4 e6 2. c4 Nf6 3. Nc3 Bb4 4. e3 O-O 5. Bd3 d5 6. a3 Bxc3+ 7. bxc3 c6 8. Nf3 b6 9. cxd5 cxd5 10. Qe2 Bb7 11. Bb2 Qc8 12. Rc1 Ba6 13. c4 dxc4 14. Bxc4 Bxc4 15. Rxc4 Qa6 16. O-O Nc6 17. Rfc1 Na5 18. R4c2 Qxe2 19. Rxe2 b5 20. Ne5 Ne4 21. a4 a6 22. Ba3 Rfc8 23. Rcc2 Rxc2 24. Rxc2 f6 25. Bb4 fxe5 26. Bxa5 exd4 27. exd4 bxa4 28. g3 Rb8 29. Ra2 Kf7 30. Kg2 Nf6 31. Rxa4 Nd5 32. Ra2 Rb3 33. Be1 Nb4 34. Ra4 Nd3 35. Bd2 Rb2 36. Be3 Ne1+ 37. Kf1 Nc2 38. Bd2 Na3 39. Bf4 Nc2 40. Rxa6 Rb1+ 41. Kg2 Ne1+ 42. Kh3 Nd3 43. Ra7+ Kg6 44. Be5 Nxf2+ 45. Kh4 Nd3 46. Rxg7+ Kh6 47. Rf7 Nxe5 48. dxe5 Rb6 49. g4 Kg6 50. Rf6+ Kg7 51. Kg5 Rb2 52. h4 Rb6 53. h5 Ra6 54. h6+ Kg8 55. Kh5 Rb6 56. g5 Rb1 57. Rxe6 Rh1+ 58. Kg4 Rg1+ 59. Kf5 Rf1+ 60. Ke4 Re1+ 61. Kd5 Rd1+ 62. Kc6 Rc1+ 63. Kd7 Rd1+ 64. Rd6 1-0

[Event "Nationale I"]
[Site "Besancon"]
[Date "2003.04.06"]
[Round "7.2"]
[White "Flear, Glenn C"]
[Black "Georgiev, Kiril"]
[Result "0-1"]
[WhiteElo "2503"]
[BlackElo "2654"]
[PlyCount "58"]
[EventDate "2003.04.03"]
[Source "Roberto Alvarez"]
[SourceDate "2003.04.07"]

1. d4 Nf6 2. c4 e6 3. Nc3 Bb4 4. e3 O-O 5. Bd3 d5 6. a3 Bxc3+ 7. bxc3 dxc4 8. Bxc4 c5 9. Ne2 Qc7 10. Ba2 b6 11. O-O Ba6 12. f3 Nc6 13. Rf2 Rfd8 14. Bb2 Rac8 15. Ng3 Na5 16. e4 Bc4 17. Bxc4 Nxc4 18. Qd3 b5 19. Nf1 Nd7 20. f4 cxd4 21. cxd4 Nc5 22. Qf3 Nxb2 23. Rxb2 Rxd4 24. Rxb5 Nxe4 25. Ng3 Nd2 26. Qb7 Qc3 27. Nf1 Rxf4 28. Qxc8+ Qxc8 29. Nxd2 h6 0-1

[Event "San Roque"]
[Site "San Roque"]
[Date "1996.??.??"]
[Round "4"]
[White "Gulko, Boris F"]
[Black "Campora, Daniel Hugo"]
[Result "0-1"]
[WhiteElo "2615"]
[BlackElo "2540"]
[PlyCount "106"]
[EventDate "1996.02.??"]
[Source "ChessBase"]
[SourceDate "1997.04.10"]

1. d4 Nf6 2. c4 e6 3. Nc3 Bb4 4. e3 O-O 5. Bd3 d5 6. a3 Bxc3+ 7. bxc3 c5 8. cxd5 exd5 9. Ne2 b6 10. O-O Ba6 11. f3 Re8 12. Ra2 Qc8 13. Bb1 Nc6 14. Re1 Bc4 15. Rb2 Qa6 16. a4 Rad8 17. g4 Nd7 18. Nf4 Nf8 19. Rg2 Qa5 20. Bd2 Ng6 21. Nxg6 hxg6 22. h4 Qa6 23. Bc1 cxd4 24. cxd4 Nb4 25. Rd2 b5 26. axb5 Qxb5 27. e4 dxe4 28. fxe4 a5 29. Bb2 Qb6 30. Qf3 Rd6 31. Kg2 Rf6 32. Qg3 Rfe6 33. Rc1 Qb5 34. Kh2 Nd5 35. e5 Rb6 36. Ba3 Qa4 37. Bc5 Rb3 38. Bc2 Qa2 39. Qf2 Rb2 40. h5 Nb4 41. hxg6 fxg6 42. Kg3 Bd5 43. Re2 Nxc2 44. Rcxc2 Qb3+ 45. Kh4 Rxc2 46. Rxc2 a4 47. Rb2 Qc3 48. Rb6 g5+ 49. Kxg5 a3 50. Ra6 Qc1+ 51. Kh4 a2 52. Rxa2 Qh6+ 53. Kg3 g5 0-1

[Event "Bayern-ch Bank Hofmann 2nd"]
[Site "Bad Wiessee"]
[Date "1998.12.05"]
[Round "8"]
[White "Ibragimov, Ildar"]
[Black "Lobron, Eric"]
[Result "1/2-1/2"]
[WhiteElo "2610"]
[BlackElo "2540"]
[PlyCount "35"]
[EventDate "1998.11.??"]
[Source "www.chesslib.no"]
[SourceDate "2004.05.04"]

1. d4 Nf6 2. c4 e6 3. Nc3 Bb4 4. e3 O-O 5. Bd3 d5 6. a3 Bxc3+ 7. bxc3 dxc4 8. Bxc4 c5 9. Ne2 e5 10. O-O Nc6 11. Bb2 Be6 12. Bxe6 fxe6 13. Qb3 Qd5 14. c4 Na5 15. cxd5 Nxb3 16. Rad1 exd4 17. dxe6 Rae8 18. exd4 1/2-1/2

[Event "Haninge"]
[Site "Haninge"]
[Date "1988.??.??"]
[Round "?"]
[White "Agdestein, Simen"]
[Black "Chandler, Murray G"]
[Result "1/2-1/2"]
[WhiteElo "2560"]
[BlackElo "2590"]
[PlyCount "116"]
[EventDate "1988.05.??"]
[Source "ChessBase"]

1. d4 Nf6 2. c4 e6 3. Nc3 Bb4 4. e3 O-O 5. Bd3 d5 6. Nge2 dxc4 7. Bxc4 c5 8. a3 Bxc3+ 9. bxc3 e5 10. Ba2 Qc7 11. f3 Rd8 12. d5 e4 13. O-O Nbd7 14. fxe4 Qe5 15. Bb1 Nxe4 16. Qc2 f5 17. c4 Nd6 18. Kh1 Re8 19. Ng3 Nb6 20. Bb2 Qxe3 21. Ba2 Bd7 22. Bb3 Ne4 23. Rf3 Qd2 24. Qb1 Ba4 25. Nxe4 Rxe4 26. Bc3 Qh6 27. Bxa4 Nxa4 28. Qxb7 Rae8 29. Ba5 Rxc4 30. Raf1 Rf8 31. Qxa7 Qd6 32. Rg3 g6 33. Rh3 h5 34. Re3 Re4 35. Rxe4 fxe4 36. Rg1 e3 37. Be1 Nb6 38. a4 Nxd5 39. Bg3 Qe7 40. Qxe7 Nxe7 41. Bd6 Re8 42. Bxc5 Nd5 43. g3 Rc8 44. Bd6 Rd8 45. Bc5 Rc8 46. Bd6 Kf7 47. Re1 Ke6 48. Bf4 Rc3 49. Kg2 Ra3 50. Kf3 Kf5 51. Bxe3 g5 52. h3 g4+ 53. hxg4+ hxg4+ 54. Kf2 Rxa4 55. Bf4 Nxf4 56. gxf4 Kxf4 57. Re2 Kg5 58. Re8 Ra2+ 1/2-1/2

[Event "Ch Bosnia & Herzegovina (team)"]
[Site "Vogosca (Bosnia & Herzegovina"]
[Date "2007.06.05"]
[Round "4"]
[White "Sedlak Nikola (SCG)"]
[Black "Perunovic Milos (SCG)"]
[Result "1-0"]
[WhiteElo "2575"]
[BlackElo "2562"]
[PlyCount "87"]
[EventDate "2007.??.??"]
[Source "www.chesslib.no"]
[SourceDate "2004.05.04"]

1. d4 Nf6 2. c4 e6 3. Nc3 Bb4 4. a3 Bxc3+ 5. bxc3 O-O 6. f3 d5 7. cxd5 exd5 8. e3 c5 9. Bd3 b6 10. Ne2 Ba6 11. O-O Re8 12. Ra2 Qc8 13. g4 Bxd3 14. Qxd3 Qa6 15. Rd2 Qxd3 16. Rxd3 c4 17. Rdd1 Nc6 18. Ng3 b5 19. g5 Nd7 20. e4 Nb6 21. Bf4 Na4 22. Rc1 Nb2 23. Rb1 Na4 24. Rfc1 a6 25. Nf5 Ne7 26. Nd6 Red8 27. Rc2 Rd7 28. Re1 Rad8 29. e5 g6 30. Kg2 Nf5 31. Kh3 Re7 32. Nxf5 gxf5 33. Bd2 a5 34. Ra1 Kg7 35. Kg3 Kg6 36. Kf4 Rh8 37. h4 h5 38. gxh6 Rxh6 39. Rg1+ Kh7 40. Kxf5 Rc6 41. Bg5 Re8 42. Bf6 Rg8 43. Rxg8 Kxg8 44. Rg2+ 1-0

[Event "Torre mem op"]
[Site "Yucatan"]
[Date "1999.??.??"]
[Round "6"]
[White "Gulko, Boris F"]
[Black "Gonzalez, Juan Carlos"]
[Result "1/2-1/2"]
[WhiteElo "2618"]
[BlackElo "2514"]
[PlyCount "94"]
[EventDate "1999.12.??"]
[Source "www.chesslib.no"]
[SourceDate "2004.05.04"]

1. d4 Nf6 2. c4 e6 3. Nc3 Bb4 4. e3 O-O 5. Bd3 d5 6. a3 Bxc3+ 7. bxc3 b6 8. cxd5 exd5 9. Ne2 Ba6 10. Bxa6 Nxa6 11. Qd3 Qc8 12. O-O c5 13. f3 c4 14. Qc2 Ne8 15. a4 f5 16. Ba3 Rf7 17. e4 Nac7 18. Ng3 g6 19. exf5 gxf5 20. Rae1 Qd7 21. Nh5 Ne6 22. Re5 N8g7 23. Nxg7 Nxg7 24. Rfe1 Re8 25. Rxe8+ Nxe8 26. Qe2 Ng7 27. Qe5 h6 28. Be7 Qc6 29. f4 Kh7 30. h3 Nh5 31. Kh2 Qg6 32. Bh4 Qc6 33. Re3 Qd7 34. Be7 Qc6 35. Bd6 Qd7 36. Qxd5 Nxf4 37. Qxc4 Nxg2 38. Kxg2 Rg7+ 39. Bg3 f4 40. Rf3 fxg3 41. Rxg3 Rxg3+ 42. Kxg3 Qf5 43. Qc7+ Kg6 44. Qd6+ Kh7 45. Qe7+ Kg6 46. Qe3 Kh7 47. Qe7+ Kg6 1/2-1/2

[Event "Clarin"]
[Site "Buenos Aires"]
[Date "1979.??.??"]
[Round "7"]
[White "Petrosian, Tigran V"]
[Black "Najdorf, Miguel"]
[Result "1/2-1/2"]
[WhiteElo "2610"]
[BlackElo "2515"]
[PlyCount "36"]
[EventDate "1979.11.??"]
[Source "ChessBase"]

1. d4 Nf6 2. c4 e6 3. Nc3 Bb4 4. e3 O-O 5. Bd3 d5 6. a3 Bxc3+ 7. bxc3 dxc4 8. Bxc4 c5 9. Bb2 Qc7 10. Bd3 b6 11. Qe2 Nc6 12. e4 e5 13. d5 Na5 14. h3 c4 15. Bc2 Nd7 16. Nf3 Nc5 17. O-O Ba6 18. Ne1 Rfd8 1/2-1/2

[Event "Solin"]
[Site "Solin"]
[Date "1998.??.??"]
[Round "2"]
[White "Giorgadze, Giorgi"]
[Black "Kovacevic, Vlatko"]
[Result "1/2-1/2"]
[WhiteElo "2605"]
[BlackElo "2520"]
[PlyCount "84"]
[EventDate "1998.??.??"]
[Source "www.chesslib.no"]
[SourceDate "2004.05.04"]

1. d4 Nf6 2. c4 e6 3. Nc3 Bb4 4. e3 O-O 5. Bd3 d5 6. cxd5 exd5 7. Nge2 c5 8. a3 Bxc3+ 9. bxc3 Nc6 10. O-O Re8 11. f3 Qc7 12. Rf2 Bd7 13. g4 Na5 14. Ng3 h6 15. Nf1 cxd4 16. cxd4 Nc4 17. h4 Nd6 18. a4 Rac8 19. Rc2 Qb8 20. Rg2 b5 21. axb5 Bxb5 22. Rb1 a6 23. g5 hxg5 24. hxg5 Nd7 25. g6 fxg6 26. Bxg6 Re6 27. Qe1 Qc7 28. Qg3 Nf8 29. Bc2 Qf7 30. Qf2 Rf6 31. Nh2 Ne4 32. Bxe4 dxe4 33. f4 Bd3 34. Ra1 Rc2 35. Bd2 Qh5 36. Qe1 Rg6 37. Rc1 Qh3 38. Rxg6 Nxg6 39. Rxc2 Bxc2 40. Qf1 Qxf1+ 41. Kxf1 Kf7 42. Ng4 Ke6 1/2-1/2

[Event "Manila (ol)"]
[Site "?"]
[Date "1992.??.??"]
[Round "?"]
[White "Suba, M."]
[Black "Sax, Gy"]
[Result "0-1"]
[WhiteElo "2520"]
[BlackElo "2600"]
[PlyCount "84"]
[EventDate "1992.??.??"]
[Source "ChessBase"]
[SourceDate "1992.06.01"]

1. d4 Nf6 2. c4 e6 3. Nc3 Bb4 4. e3 O-O 5. Bd3 d5 6. a3 Bxc3+ 7. bxc3 c5 8. cxd5 exd5 9. Ne2 b6 10. O-O Ba6 11. Bxa6 Nxa6 12. Qd3 Nc7 13. dxc5 bxc5 14. c4 Rb8 15. Ra2 Qe7 16. cxd5 Ncxd5 17. Rc2 Rfc8 18. Ng3 Qc7 19. e4 Nf4 20. Qf3 Ng6 21. Bb2 Rb6 22. Nf5 Qb7 23. Bxf6 Rxf6 24. Rd1 Qc7 25. Qg4 Re6 26. f3 Rd8 27. Rdc1 Rc6 28. h4 h5 29. Qxh5 Nf4 30. Qg5 Nh3+ 31. gxh3 Rg6 32. Rxc5 Rxg5+ 33. hxg5 Qf4 34. Rc8 Rxc8 35. Rxc8+ Kh7 36. Kf2 Qd2+ 37. Kf1 Qd1+ 38. Kf2 Qd2+ 39. Kf1 Qxg5 40. Rc7 Qf4 41. Rxf7 Qxf3+ 42. Kg1 Qd1+ 0-1

[Event "KB Czech Open"]
[Site "Pardubice"]
[Date "2003.07.24"]
[Round "7"]
[White "Gutman, Gennadi"]
[Black "Acs, Peter"]
[Result "1-0"]
[WhiteElo "2513"]
[BlackElo "2606"]
[PlyCount "71"]
[EventDate "2003.07.18"]
[Source "Roberto Alvarez"]
[SourceDate "2003.07.21"]

1. d4 Nf6 2. c4 e6 3. Nc3 Bb4 4. f3 d5 5. a3 Bxc3+ 6. bxc3 O-O 7. cxd5 exd5 8. e3 c5 9. Bd3 b6 10. Ne2 Ba6 11. Bxa6 Nxa6 12. O-O Nc7 13. Ng3 Ne6 14. Bb2 Rc8 15. e4 cxd4 16. cxd4 g6 17. Qd3 Nf4 18. Qd2 N6h5 19. Nxh5 Nxh5 20. Rae1 Qd7 21. f4 Qa4 22. exd5 Rc2 23. Qd1 Qc4 24. Ba1 Qa2 25. Qf3 Nf6 26. d6 Qd5 27. Qxd5 Nxd5 28. Re5 Nf6 29. f5 g5 30. Re7 Rd8 31. d5 Nxd5 32. f6 Rc6 33. Rfe1 Kf8 34. d7 Nc7 35. Be5 Ne6 36. Rd1 1-0

[Event "Eastern op"]
[Site "Washington DC"]
[Date "1997.??.??"]
[Round "6"]
[White "Gurevich, Dmitry"]
[Black "Kudrin, Sergey"]
[Result "1/2-1/2"]
[WhiteElo "2575"]
[BlackElo "2535"]
[PlyCount "25"]
[EventDate "1997.??.??"]
[Source "www.chesslib.no"]
[SourceDate "2004.05.04"]

1. d4 Nf6 2. c4 e6 3. Nc3 Bb4 4. e3 O-O 5. Bd3 d5 6. a3 Bxc3+ 7. bxc3 dxc4 8. Bxc4 c5 9. Ne2 Nc6 10. O-O e5 11. Bb2 Qc7 12. Ba2 Rd8 13. Qc2 1/2-1/2

[Event "CRO-chT"]
[Site "Medulin"]
[Date "2002.09.12"]
[Round "4"]
[White "Cebalo, Miso"]
[Black "Pinter, Jozsef"]
[Result "1/2-1/2"]
[WhiteElo "2548"]
[BlackElo "2562"]
[PlyCount "36"]
[EventDate "2002.09.09"]
[Source "ChessBase"]
[SourceDate "2002.11.06"]

1. d4 Nf6 2. c4 e6 3. Nc3 Bb4 4. e3 c5 5. Bd3 d5 6. Nge2 dxc4 7. Bxc4 Nc6 8. O-O O-O 9. a3 Bxc3 10. bxc3 Qc7 11. Ba2 b6 12. Bb2 Na5 13. Rc1 Bb7 14. c4 Rad8 15. f3 Qe7 16. Qc2 cxd4 17. exd4 Rc8 18. Qa4 Qd7 1/2-1/2

[Event "Cappelle op"]
[Site "Cappelle la Grande"]
[Date "1998.02.28"]
[Round "9"]
[White "Ibragimov, Ildar"]
[Black "Rausis, Igors"]
[Result "1-0"]
[WhiteElo "2590"]
[BlackElo "2520"]
[PlyCount "81"]
[EventDate "1998.02.21"]
[Source "ChessBase"]
[SourceDate "1998.04.29"]

1. d4 Nf6 2. c4 e6 3. Nc3 Bb4 4. e3 O-O 5. Bd3 d5 6. a3 Bxc3+ 7. bxc3 c6 8. cxd5 cxd5 9. Nf3 b6 10. Qe2 Bb7 11. O-O Qc8 12. c4 dxc4 13. Bxc4 Ba6 14. Ne5 Bxc4 15. Nxc4 Qa6 16. Bd2 Nbd7 17. Rfc1 Rac8 18. Bb4 Rfd8 19. Kf1 Nd5 20. Nd6 Rxc1+ 21. Rxc1 Qxe2+ 22. Kxe2 f5 23. Nc8 N7f6 24. Nxa7 Nxb4 25. axb4 Nd5 26. b5 Ra8 27. Rc8+ Rxc8 28. Nxc8 Kf7 29. Kd3 Ke8 30. Nd6+ Ke7 31. Nc4 g5 32. Nd2 g4 33. Nb1 Nc7 34. Nc3 Kf6 35. e4 e5 36. d5 f4 37. d6 Ne6 38. Nd5+ Kf7 39. Nxb6 Nd4 40. Nc4 Nxb5 41. Nxe5+ 1-0

[Event "Memorial Najdorf - Open"]
[Site "Varsavia POL"]
[Date "2008.08.07"]
[Round "6"]
[White "Moranda, W."]
[Black "Gajewski, G."]
[Result "1/2-1/2"]
[WhiteElo "2533"]
[BlackElo "2575"]
[PlyCount "73"]
[EventDate "2008.08.02"]
[Source "www.chesslib.no"]
[SourceDate "2004.05.04"]

1. d4 Nf6 2. c4 e6 3. Nc3 Bb4 4. f3 d5 5. a3 Bxc3+ 6. bxc3 c5 7. cxd5 exd5 8. e3 O-O 9. Bd3 b6 10. Ne2 Ba6 11. O-O Re8 12. Ng3 Bxd3 13. Qxd3 Nc6 14. Ra2 Qd7 15. Re2 Re6 16. Bb2 Rd8 17. Rd1 Ne7 18. e4 Qa4 19. Rf1 g6 20. Qd2 cxd4 21. cxd4 Rc8 22. Ref2 Ne8 23. Qg5 Ng7 24. Ne2 Qd7 25. Nf4 Rec6 26. a4 Rd8 27. Ba3 Ne6 28. Qxe7 Nxf4 29. Qh4 Nd3 30. Rd2 dxe4 31. fxe4 Qxd4+ 32. Kh1 Rd7 33. Qh6 Qg7 34. Qh3 Qd4 35. Qh6 Qg7 36. Qh3 Qd4 37. Qh6 1/2-1/2

[Event "it A"]
[Site "Montreal"]
[Date "2004.08.15"]
[Round "11"]
[White "Zugic, Igor"]
[Black "Moiseenko, Alexander"]
[Result "1/2-1/2"]
[WhiteElo "2465"]
[BlackElo "2640"]
[PlyCount "38"]
[EventDate "2004.08.04"]
[Source "Roberto Alvarez"]
[SourceDate "2004.08.24"]

1. d4 Nf6 2. c4 e6 3. Nc3 Bb4 4. e3 O-O 5. Bd3 d5 6. a3 Bxc3+ 7. bxc3 dxc4 8. Bxc4 e5 9. Ne2 Nc6 10. O-O e4 11. Ng3 Na5 12. Ba2 Be6 13. f3 Bxa2 14. Rxa2 Qd5 15. Raf2 g6 16. a4 Nc4 17. fxe4 Nxe4 18. Nxe4 Qxe4 19. Rf4 Qc6 1/2-1/2

[Event "N. Pavlica Memorial"]
[Site "N. Pavlica mem"]
[Date "1979.??.??"]
[Round "15"]
[White "Browne, Walter S"]
[Black "Smejkal, Jan"]
[Result "1/2-1/2"]
[WhiteElo "2540"]
[BlackElo "2560"]
[PlyCount "45"]
[EventDate "1979.??.??"]
[Source "www.chesslib.no"]
[SourceDate "2004.05.04"]

1. d4 Nf6 2. c4 e6 3. Nc3 Bb4 4. e3 O-O 5. Bd3 d5 6. a3 Bxc3+ 7. bxc3 dxc4 8. Bxc4 c5 9. Ne2 Qc7 10. Bd3 b6 11. O-O Ba6 12. e4 Bxd3 13. Qxd3 Nbd7 14. Bg5 Qc6 15. Ng3 h6 16. Bd2 Rad8 17. Qe2 Kh8 18. e5 Nd5 19. Rfd1 c4 20. Rdb1 Rb8 21. Rb4 b5 22. Rab1 a6 23. Ne4 1/2-1/2